Responses for show #860 - Friday, May 6, 1988

Mark Lowenthal game 3.

Contestants

[<< previous game]

Joe Sansonese, a writer from Westlake Village, California

Michael Edelstein, an obstetrician and gynecologist from Philadelphia, Pennsylvania

Mark Lowenthal, a State Department employee from Reston, Virginia (whose 2-day cash winnings total $21,800)

[next game >>]

Jeopardy! Round responses

SCIENCE
SOCIAL STUDIES
5-LETTER WORDS
MOUNTAINS
PETS
WEREWOLVES
    $100 11
pigment

Michael
    $100 6
caste

Joe
    $100 1
Andes

Michael
    $100 16
leaping out

Mark
    $100 21
(Mark: Oh, who is..I blanked out.)

Michael J. Fox

MarkJoe
    $200 12
lemmings

Joe
    $200 7
civil disobedience

Mark
    $200 25
(Michael: What is a saber?)

blade

MichaelJoe
    $200 2
Matterhorn

Joe
    $300 17
rat

Mark
    $300 13
plasma

Joe
    $300 8
civics

Mark
    $300 24
claim

Mark
    $300 3
(Mark: What is Mount Olympia?)

Mount Rainier

MarkJoe
    $300 18
Sigmund Freud

Mark
    $400 14
coral

Triple Stumper
    $400 9
population

Mark
    $400 23
pluck

Mark
    $400 4
Everest & K2

Mark
    $400 19
(Joe: What are retrievers?)

hamsters

Joe
Triple Stumper
    $400 27
[The end of round signal sounds.]

Lon Chaney, Jr. (or Bela Lugosi)

Mark
    $500 15
absolute zero (zero Kelvin)

Michael
    $500 10
Jane Addams

Mark
    $500 22
(Alex: We've got less than a minute to go.)

mason

Joe
    $500 5
Colorado

Mark
    $500 20
anemia

Triple Stumper
    $500 26
(Alex: Which also starred Michael Landon.)

I Was a Teenage Werewolf

Joe

Scores at the first commercial break (after clue 15):

Mark Michael Joe
$2,000 $700 $1,100

Scores at the end of the Jeopardy! Round:

Mark Michael Joe
$3,700 $500 $2,000

Double Jeopardy! Round responses

EUROPEAN CAPITALS
BROADWAY MUSICALS
BEST SELLERS
20th CENTURY PRESIDENTS
CONSTELLATIONS
IN THE TEENS
    $200 6
Belfast

Joe
    $200 11
The King and I

Michael
    $200 17
mysteries

Joe
    $200 1
Richard Nixon

Mark
    $200 12
birds

Mark
    $200 26
senators

Mark
    $400 9
Madrid

Joe
    $400 20
Bea Arthur

Mark
    $400 19
One Day in the Life of Ivan Denisovich

Michael
    $400 2
Princeton

Michael
    $400 13
Leo Minor

Michael
    $400 27
vice president

Mark
    $600 10
Belgrade

Mark
    $600 23
Irene Cara

Mark
    $600 21
(Mario) Puzo

Michael
    $600 3
(Michael: Who is Roosevelt?)
(Alex: No, uh, yes. Be more specific.)
...
(Alex: That's right. He was in office the longest.)

Franklin Delano Roosevelt

Michael
    $600 14
Mensa

Michael
    $600 28
14

Mark
    $800 8
Sofia

Michael
    $800 24
(Frank) Baum

Michael
    $800 22
(Michael: Who is Kubrick?)
...
(Alex: Kubrick was the man who directed the film.)

Arthur Clarke

MarkMichael
    $800 4
JFK

Mark
    $1,000 15
equatorial (zodiacal)

Michael
    $800 29
W

Triple Stumper
    $1,200 7
(Joe: What is Belgrade?)

Bern, Switzerland

Joe
    $1000 25
Bartholdi

Michael
    $1000 18
Barbara Tuchman

Mark
    $1000 5
(Joe: Who is Thomas Jefferson?)

Herbert Hoover

MarkJoe
    $1000 16
Cassiopeia

Michael
    $1000 30
(Mark: What are 14?)

13

Mark
Triple Stumper

Scores at the end of the Double Jeopardy! Round:

Mark Michael Joe
$9,500 $7,500 $600

[wagering suggestions for these scores]

Final Jeopardy! Round responses

BODIES OF WATER
(Alex: [To Joe] What is Lake...? I can't read that. Would you say it for me?)
(Joe: Titicaca.)
(Alex: Oh, Lake Titicaca. No, you had the right idea. You're in South, South America and that was good thinking on your part, but it was an incorrect response.)
JoeWhat is Lake Titicaca
$600
MichaelWhat is Lake Victoria?
$2,000
MarkWhat is Lake Victoria?
$5,501
Lake Victoria

Final scores:

Mark Michael Joe
$15,001 $9,500 $0
3-day champion: $36,801 2nd place: Admiral refrigerator & Emerson 10" television + Jeopardy! box game or Jeopardy! Challenger 3rd place: American Flyer luggage + Jeopardy! box game or Jeopardy! Challenger

Game dynamics:

Coryat scores:

Mark Michael Joe
$9,400 $7,300 $1,800
24 R
(including 1 DD),
3 W
15 R
(including 1 DD),
2 W
12 R,
3 W
(including 1 DD)

Combined Coryat: $18,500

The J! Archive is created by fans, for fans. The Jeopardy! game show and all elements thereof, including but not limited to copyright and trademark thereto, are the property of Jeopardy Productions, Inc. and are protected under law. This website is not affiliated with, sponsored by, or operated by Jeopardy Productions, Inc. Join the discussion at JBoard.tv.